000 00787nam a2200229 i 4500
001 bg
100 1 _aJEŻOWSKA, Alina.
245 1 0 _aWprowadzenie do projektowania systemów technologii chemicznej.
_nCz.2,
_pPrzykłady /
_cAlina Jeżowska, Jacek Jeżowski.
260 _aRzeszów :
_bOficyna Wydawnicza Politechniki Rzeszowskiej,
_c2002.
300 _a286 s. :
_bil. ;
_c24 cm.
521 _aSkrypt dla studentów Wydz. Chemicznego.
650 9 _aOptymalizacja
_xstosowanie
_xtechnika
650 9 _aTechnologia chemiczna
_xteoria
655 _aPodręczniki akademickie
020 _a8371992203 (cz. 2)
040 _cBPK
041 0 _apl
080 _a66.01/.09:519.863:004](075.8)
920 _a83-7199-220-3 (cz. 2)
942 _cKS
008 s pl f |000 0 pol
999 _c42416
_d42416
856 _uhttp://koha.tu.koszalin.pl/cgi-bin/koha/opac-detail.pl?biblionumber=42416
_yKatalog online BPK